|
|
|
|
| LEADER |
00000cam a2200000 7i4500 |
| 001 |
0000206708 |
| 005 |
20161115.0 |
| 020 |
|
|
|a 9780857830807
|
| 090 |
0 |
0 |
|a 428.2
|b SHR
|
| 100 |
1 |
|
|a Shrives, Craig
|
| 245 |
1 |
0 |
|a Grammar for grown-ups :
|b everything you need tomknow but never learnt in school
|c Craig Shrives
|
| 260 |
|
|
|a London :
|b Kyle Books ,
|c 2011
|
| 300 |
|
|
|a 243p. ;
|c 21cm.
|
| 650 |
|
0 |
|a English language
|x Grammar
|v Handbooks, manuals, etc
|
| 650 |
|
0 |
|a English language
|x usage
|v Handbooks, manuals, etc
|
| 999 |
|
|
|a 00335934
|b BUKU
|c PINJAMAN
|e PERPUSTAKAAN KOMUNITI PETALING JAYA
|